Bearing capacity of soils. (Record no. 546435)
[ view plain ]
| 000 -LEADER | |
|---|---|
| fixed length control field | 00679cam a2200193 a 4500 |
| 020 ## - INTERNATIONAL STANDARD BOOK NUMBER | |
| International Standard Book Number | 087262997X |
| 082 00 - DEWEY DECIMAL CLASSIFICATION NUMBER | |
| Classification number | 624.15136 |
| Author Mark | BEA |
| -- | L-39, P-195 |
| 245 00 - TITLE STATEMENT | |
| Title | Bearing capacity of soils. |
| 260 ## - PUBLICATION, DISTRIBUTION, ETC. | |
| Place of publication, distribution, etc. | New York, N.Y. : |
| Name of publisher, distributor, etc. | ASCE Press, |
| Date of publication, distribution, etc. | c1993. |
| 300 ## - PHYSICAL DESCRIPTION | |
| Extent | 142 p. : |
| Other physical details | ill. ; |
| Dimensions | 28 cm. |
| 490 1# - SERIES STATEMENT | |
| Series statement | Technical engineering and design guides as adapted from the US Army Corps of Engineers ; |
| 526 ## - STUDY PROGRAM INFORMATION NOTE | |
| Program name | 0 |
| Interest level | 0 |
| Reading level | 0 |
| Title point value | 624_151360000000000_BEA |
| 650 #0 - SUBJECT ADDED ENTRY--TOPICAL TERM | |
| Topical term or geographic name entry element | Foundations |
| Geographic subdivision | United States |
| General subdivision | Testing. |
| 9 (RLIN) | 42554 |
| 650 #0 - SUBJECT ADDED ENTRY--TOPICAL TERM | |
| Topical term or geographic name entry element | MCE |
| 9 (RLIN) | 379 |
| 650 #0 - SUBJECT ADDED ENTRY--TOPICAL TERM | |
| Topical term or geographic name entry element | Soils |
| Geographic subdivision | United States |
| General subdivision | Testing. |
| 9 (RLIN) | 23060 |
| 710 1# - ADDED ENTRY--CORPORATE NAME | |
| Corporate name or jurisdiction name as entry element | United States. |
| 9 (RLIN) | 21185 |
| 710 2# - ADDED ENTRY--CORPORATE NAME | |
| Corporate name or jurisdiction name as entry element | American Society of Civil Engineers. |
| 9 (RLIN) | 702 |
| 942 ## - ADDED ENTRY ELEMENTS (KOHA) | |
| Source of classification or shelving scheme | |
| Koha item type | Book |
| Withdrawn status | Lost status | Source of classification or shelving scheme | Damaged status | Not for loan | Permanent Location | Current Location | Date acquired | Total Checkouts | Full call number | Barcode | Date last seen | Price effective from | Koha item type |
|---|---|---|---|---|---|---|---|---|---|---|---|---|---|
| Military College of Engineering (MCE) | Military College of Engineering (MCE) | 06/12/2014 | 624.15136 BEA | MCE-43566 | 06/12/2014 | 06/12/2014 | Book |
